000 01097cad a22001815a 4500
001 L152587
008 110330e20110330xxk 000 0 eng d
035 _a(Sirsi) u152587
041 0 _aeng
245 0 0 _aJones v Kaney
_h[electronic resource]
260 _c2011
520 _a[2011] UKSC 13, 30 March 2011. Appellant J challenged the rule that an expert witness enjoyed immunity from any fom of civil action arising from evidence given in the course of proceedings. Considers whether public policy justifies granting immunity from liability in negligence to an expert witness in relation to the performance of his/her professional duties. Held: appeal allowed. Immunity from suit for breach of duty (whether in contract or in negligence) should be abolished.
590 _aKA NTK
651 4 _aENGLAND AND WALES
690 _aMANAGEMENT-DISPUTE AVOIDANCE, MANAGEMENT AND RESOLUTION-DISPUTE MANAGEMENT AND RESOLUTION-EXPERT WITNESSES
856 4 0 _uhttps://www.supremecourt.gov.uk/docs/UKSC_2010_0034_Judgment.pdf
_zView the law report free of charge at www.supremecourt.gov.uk
942 _n0
999 _c83010
_d83010